Tous les film du MCU - Statistiques

Statistiques générales
  • Ce quiz a été pris 188 fois
  • Le résultat moyen est 20 sur 28
Statistiques - réponses
Année de sortie Numéro Films % Correct
2008 2 Iron man
97%
2008 1 L’incroyable Hulk
92%
2011 4 Thor
92%
2010 3 Iron man 2
91%
2013 7 Iron man 3
89%
2012 6 Avengers
88%
2015 12 Ant man
81%
2019 22 Avengers endgame
79%
2017 17 Thor Ragnarok
78%
2018 20 Ant man et la guêpe
76%
2018 19 Avengers infinity war
76%
2015 11 Avengers l’ere d’ultron
76%
2018 18 Black panther
76%
2017 16 Spider man Homecoming
75%
2019 23 Spider man Far From Home
74%
2016 13 Captain America civil war
73%
2016 14 Doctor strange
73%
2014 10 Les gardiens de la galaxie
73%
2013 8 Thor : le monde des ténèbres
72%
2019 21 Captain marvel
71%
2020 24 Black Widow
70%
2017 15 Les gardiens de la galaxie vol2
69%
2014 9 Captain America le soldat de l’hiver
68%
2011 5 Captain America first avengers
54%
2021 26 Thor love and thunder
37%
2021 25 Doctor strange 2
35%
2022 27 Black panther 2
32%
2022 28 Ant man 3
14%
Aucun quiz correspondant
Distribution des résultats
% des personnes avec chaque résultat
Percentile par nombre de réponses
Votre historique - résultats
Vous n’avez pas pris ce quiz